000 01112nam a2200313 c 4500
999 _c185439
_d185439
003 BLK
005 20240227005325.0
008 180411b bul|||||r ||||||| ||bul||
010 _aKNG00194432000
040 _aBLK
041 _aBUL
_cBUL
080 _aБългарска литература
_b821.163.2
_x-32
_z821.163.2-32
100 _aЖотев, Добри
_gПоет, писател.
_d1921-1997
_qДимитров, Добри Александров
_9251874
139 _aЖотев, Добри
_bЖ 77
245 1 0 _aПреживени разкази
_cДобри Жотев.
250 _a3. доп. изд.
257 _aBGR
260 _bБълг. писател
_c1979
_fВ. Търново : Д. Найденов
_aСофия
300 _a276 с.
_c21 см
380 _aX
500 _a1. изд. 1973. - 12 113 тир.
852 _aЦб 102146
856 4 _qpdf
_i0.00
_ldisable
856 4 _qpdf
_i0.00
_ldisable
942 _cKNG
_n0
_s1
944 _aCR
_c25.10.2016
_k
_lCRON CRON
944 _aED
_c25.10.2016
_kВаля_Йорданова
999 _d185439